[Event "Ungdoms-DM U14 2024"]
[Site "Odense"]
[Date "2024.10.04"]
[Round "1.11"]
[White "Sandmann, Villads Majvang"]
[Black "Ahl, Eskil Rosenlund"]
[Result "1-0"]
[WhiteElo "2066"]
[BlackElo "1731"]
[WhiteFideId "1472313"]
[BlackFideId "1481789"]
[EventDate "2024.10.04"]
[EventType "swiss"]
[EventRounds "5"]
[EventCountry "DEN"]
[SourceTitle "Live v. Kasper Jerwiarz"]

1. e4 c5 2. Nf3 d6 3. d4 cxd4 4. Nxd4 Nf6 5. Nc3 a6 6. Bg5 e6 7. f4 Be7 8. Qf3 Qc7 9. O-O-O Nbd7 10. g4 h6 11. Bxf6 Bxf6 12. h4 b5 13. Bxb5 axb5 14. Ndxb5 Qb8 15. Nxd6+ Kf8 16. e5 Be7 17. Nxc8 Nxe5 18. fxe5 Qxc8 19. Rdf1 Qe8 20. Kb1 Rb8 21. Ne4 Rb6 22. g5 hxg5 23. hxg5 Rxh1 24. Rxh1 Bb4 25. Rh8+ Ke7 26. Rxe8+ 1-0

[Event "Ungdoms-DM U14 2024"]
[Site "Odense"]
[Date "2024.10.04"]
[Round "1.12"]
[White "Nielsen, Johannes Smedegaard"]
[Black "Li, Anna Sofie"]
[Result "0-1"]
[WhiteElo "1682"]
[BlackElo "1998"]
[WhiteFideId "1472860"]
[BlackFideId "1472119"]
[EventDate "2024.10.04"]
[EventType "swiss"]
[EventRounds "5"]
[EventCountry "DEN"]
[SourceTitle "Live v. Kasper Jerwiarz"]

1. e4 e5 2. Nf3 Nc6 3. Bb5 a6 4. Ba4 Nf6 5. Nc3 b5 6. Bb3 Bc5 7. d3 d6 8. Bg5 h6 9. Be3 Nd4 10. Bxd4 exd4 11. Ne2 Bg4 12. h3 Bxf3 13. gxf3 c6 14. Qd2 Nd7 15. O-O-O Ne5 16. Qf4 a5 17. a3 Qe7 18. Rhg1 Ng6 19. Qg3 Qf6 20. Rg2 a4 21. Ba2 b4 22. axb4 Bxb4 23. f4 Rg8 24. f5 Ne7 25. Nf4 Qe5 26. Nh5 Qc5 27. Nf6+ Kd8 28. Nxg8 a3 29. bxa3 Bxa3+ 30. Kd2 Bb4+ 31. Ke2 Qxc2+ 32. Kf3 Qxd1+ 33. Kf4 Bd2+ 0-1

[Event "Ungdoms-DM U14 2024"]
[Site "Odense"]
[Date "2024.10.04"]
[Round "1.13"]
[White "Frydendahl, Noah Skotte"]
[Black "Tirsgaard, Villum Graulund"]
[Result "1-0"]
[WhiteElo "1921"]
[BlackElo "1638"]
[WhiteFideId "1473239"]
[BlackFideId "1479520"]
[EventDate "2024.10.04"]
[EventType "swiss"]
[EventRounds "5"]
[EventCountry "DEN"]
[SourceTitle "Live v. Kasper Jerwiarz"]

1. e4 e5 2. Nf3 Nc6 3. Bb5 Nf6 4. O-O Nxe4 5. Re1 Nd6 6. Bxc6 dxc6 7. Nxe5 Be7 8. d4 O-O 9. c3 Bf6 10. Bf4 Re8 11. Na3 Be6 12. Nc2 Bxe5 13. Bxe5 Nc4 14. b3 Nb2 15. Qd2 Bf5 16. Nb4 c5 17. Qxb2 cxb4 18. cxb4 a5 19. bxa5 Rxa5 20. Qc3 Rd5 21. Qxc7 Qxc7 22. Bxc7 Be6 23. Bb6 g5 24. f3 Rc8 25. Rac1 Rc6 26. Rxc6 bxc6 27. Kf2 Rb5 28. Bc5 Ra5 29. Re2 Bf5 30. a4 Be6 31. Re5 h6 32. Re3 Bd5 33. Ke2 f5 34. Kd2 f4 35. Re8+ Kf7 36. Re7+ Kf6 37. Rb7 g4 38. Bd6 gxf3 39. gxf3 Kg5 40. h4+ Kf5 41. Rb8 Bxf3 42. Rf8+ Ke6 43. Rxf4 Bd5 44. Bb4 Ra8 45. Rf8 Ra7 46. Kc3 Rg7 47. Re8+ Kf6 48. Re3 Rg1 49. Bc5 Rb1 50. Kb4 Kf5 51. a5 Kf4 52. Rc3 Kg4 53. a6 Re1 54. a7 Re8 55. Ka5 Bg2 56. Ka6 Bf1+ 57. Kb7 1-0

[Event "Ungdoms-DM U14 2024"]
[Site "Odense"]
[Date "2024.10.04"]
[Round "1.14"]
[White "Khandelia, Atharva"]
[Black "Andries, Leia"]
[Result "0-1"]
[WhiteElo "1624"]
[BlackElo "1854"]
[WhiteFideId "1473255"]
[BlackFideId "1469207"]
[EventDate "2024.10.04"]
[EventType "swiss"]
[EventRounds "5"]
[EventCountry "DEN"]
[SourceTitle "Live v. Kasper Jerwiarz"]

1. f4 c5 2. Nf3 Nc6 3. e3 g6 4. g3 Bg7 5. Bg2 d6 6. O-O Nf6 7. d3 O-O 8. c4 a6 9. Nc3 Rb8 10. a4 Qc7 11. Bd2 Nb4 12. Qe2 Bf5 13. e4 Bg4 14. h3 Bxf3 15. Bxf3 Nc2 16. Rac1 Nd4 17. Qd1 e6 18. Bg2 Nd7 19. Be3 Nb6 20. b3 Nc8 21. Bxd4 Bxd4+ 22. Kh2 Ne7 23. Ne2 Nc6 24. Nc3 Bxc3 25. Rxc3 Nd4 26. Re1 e5 27. h4 b5 28. h5 h6 29. Rh1 bxa4 30. hxg6 fxg6 31. fxe5 dxe5 32. bxa4 Rb2 33. Qc1 Rff2 0-1

[Event "Ungdoms-DM U14 2024"]
[Site "Odense"]
[Date "2024.10.04"]
[Round "1.15"]
[White "Kjeldsen, Johannes Juel"]
[Black "Justesen, Laurits Skovgaard"]
[Result "1-0"]
[WhiteElo "1839"]
[BlackElo "1730"]
[WhiteFideId "1473263"]
[BlackFideId "1482300"]
[EventDate "2024.10.04"]
[EventType "swiss"]
[EventRounds "5"]
[EventCountry "DEN"]
[SourceTitle "Live v. Kasper Jerwiarz"]

1. e4 e6 2. d4 c5 3. Nf3 d5 4. exd5 exd5 5. Nc3 Nc6 6. dxc5 d4 7. Ne4 Qd5 8. Nd6+ Bxd6 9. cxd6 Qxd6 10. Be2 Bf5 11. O-O Nf6 12. Bb5 O-O-O 13. Bd3 Bg6 14. a4 Rde8 15. c3 Ng4 16. g3 Bxd3 17. Qxd3 Nge5 18. Nxe5 Nxe5 19. Qf5+ Qe6 20. Qxe6+ fxe6 21. f4 Nc6 22. cxd4 Nxd4 23. Be3 Nc2 24. Rac1 1-0

[Event "Ungdoms-DM U14 2024"]
[Site "Odense"]
[Date "2024.10.04"]
[Round "1.16"]
[White "Bernicken, Sofus Storm"]
[Black "Derlich, Sarah Sima"]
[Result "0-1"]
[WhiteElo "1591"]
[BlackElo "1847"]
[WhiteFideId "1481657"]
[BlackFideId "1469290"]
[EventDate "2024.10.04"]
[EventType "swiss"]
[EventRounds "5"]
[EventCountry "DEN"]
[SourceTitle "Live v. Kasper Jerwiarz"]

1. e4 c5 2. Nf3 d6 3. Nc3 Nf6 4. d4 cxd4 5. Nxd4 a6 6. Be2 e5 7. Nb3 Be6 8. Be3 Be7 9. O-O O-O 10. h3 Nbd7 11. Nd2 Qc7 12. Nf3 Rfc8 13. Ng5 Bc4 14. Nf3 b5 15. Bxc4 Qxc4 16. Nd2 Qc6 17. a3 a5 18. Qf3 b4 19. axb4 axb4 20. Rxa8 Rxa8 21. Ne2 Qxc2 22. Rc1 Qxb2 23. Rb1 Ra1 24. Rxa1 Qxa1+ 25. Kh2 Qa2 26. Nc1 Qc2 27. Ndb3 Nxe4 28. Qf5 Ndf6 29. f3 g6 0-1

[Event "Ungdoms-DM U14 2024"]
[Site "Odense"]
[Date "2024.10.05"]
[Round "2.11"]
[White "Derlich, Sarah Sima"]
[Black "Sandmann, Villads Majvang"]
[Result "0-1"]
[WhiteElo "1847"]
[BlackElo "2066"]
[WhiteFideId "1469290"]
[BlackFideId "1472313"]
[EventDate "2024.10.04"]
[EventType "swiss"]
[EventRounds "5"]
[EventCountry "DEN"]
[SourceTitle "Live v. Kasper Jerwiarz"]

1. e4 c5 2. Nf3 d6 3. d4 cxd4 4. Nxd4 Nf6 5. Nc3 a6 6. Be2 e5 7. Nb3 Be7 8. O-O O-O 9. Kh1 Nc6 10. a4 Be6 11. f4 exf4 12. Bxf4 d5 13. exd5 Nxd5 14. Nxd5 Qxd5 15. Bf3 Qxd1 16. Rfxd1 Rad8 17. Bc7 Rc8 18. Bg3 Rfd8 19. Bxc6 bxc6 20. Nd4 Bg4 21. Rd3 Bf6 22. Bf2 c5 23. Nb3 c4 24. Rxd8+ Rxd8 25. Nc5 Bxb2 26. Rb1 Rd1+ 27. Rxd1 Bxd1 28. Nxa6 Bxc2 29. Nc5 Bc3 30. Kg1 Bb4 31. Kf1 Bxc5 32. Bxc5 Bxa4 33. Bd4 Bc6 34. h4 f6 35. Kf2 Kf7 36. g4 h6 37. Kg3 Ba4 38. Bc3 Bd1 39. Bb2 g6 40. Bc1 g5 41. hxg5 hxg5 42. Bd2 Ke6 43. Bc3 f5 44. gxf5+ Kxf5 45. Bg7 Ke4 46. Bf6 g4 47. Bb2 Kd3 48. Kf2 Kc2 49. Be5 Bf3 50. Ke3 Bd5 51. Kf4 Be6 52. Ke3 c3 53. Kd4 Kb3 54. Kd3 Bf5+ 55. Ke3 c2 56. Kd2 Kc4 57. Bb2 g3 58. Ke3 g2 59. Kf2 Be4 60. Bc1 Kb3 61. Be3 Kb2 62. Bd4+ Kb1 63. Be3 c1=Q 64. Bxc1 Kxc1 65. Kg1 Kd2 66. Kf2 Kd3 67. Kg1 Ke3 68. Kh2 Kf2 0-1

[Event "Ungdoms-DM U14 2024"]
[Site "Odense"]
[Date "2024.10.05"]
[Round "2.12"]
[White "Li, Anna Sofie"]
[Black "Kjeldsen, Johannes Juel"]
[Result "1-0"]
[WhiteElo "1998"]
[BlackElo "1839"]
[WhiteFideId "1472119"]
[BlackFideId "1473263"]
[EventDate "2024.10.04"]
[EventType "swiss"]
[EventRounds "5"]
[EventCountry "DEN"]
[SourceTitle "Live v. Kasper Jerwiarz"]

1. e4 c5 2. Nf3 d6 3. d4 cxd4 4. Nxd4 Nf6 5. Nc3 a6 6. Be3 e5 7. Nb3 Be6 8. Be2 Be7 9. Bf3 Nbd7 10. O-O Rc8 11. Qd2 h5 12. Rad1 b5 13. a3 Nb6 14. Na5 Nc4 15. Nxc4 Bxc4 16. Be2 Bxe2 17. Qxe2 Rxc3 18. bxc3 Nxe4 19. Qf3 d5 20. Rd3 Nf6 21. Qe2 e4 22. Rd2 Qc7 23. a4 bxa4 24. Qxa6 O-O 25. Qxa4 Qxc3 26. Qd4 Bb4 27. Bg5 Qxd4 28. Rxd4 Nh7 29. Rxb4 Nxg5 30. Rb5 Ne6 31. Rxd5 Rc8 32. Rd2 Nc5 33. Rfd1 Ne6 34. Re1 f5 35. h4 Kf7 36. Ra1 Rc7 37. Ra8 Kf6 38. Ra4 Ke5 39. c4 Rc5 40. Rd7 f4 41. Ra6 Rc7 42. Rxe6+ 1-0

[Event "Ungdoms-DM U14 2024"]
[Site "Odense"]
[Date "2024.10.05"]
[Round "2.13"]
[White "Mueller, Anker"]
[Black "Frydendahl, Noah Skotte"]
[Result "0-1"]
[WhiteElo "1757"]
[BlackElo "1921"]
[WhiteFideId "1472070"]
[BlackFideId "1473239"]
[EventDate "2024.10.04"]
[EventType "swiss"]
[EventRounds "5"]
[EventCountry "DEN"]
[SourceTitle "Live v. Kasper Jerwiarz"]

1. e4 c5 2. d4 cxd4 3. Qxd4 Nc6 4. Qd3 d6 5. Nc3 Nf6 6. Nf3 g6 7. Be2 Bg7 8. O-O O-O 9. a3 a6 10. Rd1 Nd7 11. Be3 Nde5 12. Nxe5 Nxe5 13. Qd2 b5 14. Nd5 Bb7 15. Nb6 Rb8 16. f4 Nc6 17. e5 Re8 18. Bf3 dxe5 19. Nd7 Nd4 20. Bxb7 Rxb7 21. Nxe5 Bxe5 22. fxe5 Ne6 23. Qf2 Qc7 24. Rf1 Rf8 25. Bh6 Ng7 26. e6 f6 27. Rad1 Rd8 28. Rxd8+ Qxd8 29. Bxg7 Kxg7 30. Qf3 Rb8 31. Kh1 Qb6 32. Qb3 Rd8 33. a4 Rd6 34. axb5 Qxb5 35. Qxb5 axb5 36. Re1 Rd2 37. Kg1 Rxc2 38. b4 Rc4 39. Rd1 Re4 40. Rd5 Re5 41. Rc5 Rxe6 42. Rxb5 Re2 43. Rb7 Kf7 44. b5 Rb2 45. b6 Ke6 46. Rb8 h5 47. b7 g5 48. Rh8 Rxb7 49. Rxh5 Kf5 50. Rh8 Kg4 51. Rc8 Rb2 52. Rc4+ Kf5 53. h3 Rd2 54. g4+ Ke5 55. Ra4 Rd4 56. Ra5+ Kf4 57. Ra7 Kg3 58. Ra3+ Kh4 59. Re3 Rd2 60. Rxe7 Kxh3 61. Re6 Kxg4 62. Rxf6 Kg3 63. Kf1 g4 64. Rg6 Ra2 65. Rg8 Ra1+ 66. Ke2 Kh3 67. Kf2 Ra2+ 68. Kf1 Kg3 69. Rg7 Ra4 70. Rg8 Rf4+ 71. Kg1 Kf3 72. Ra8 Rb4 73. Rf8+ Kg3 74. Kf1 Rb1+ 75. Ke2 Kg2 76. Rf2+ Kg1 77. Rf4 g3 78. Rg4 g2 79. Rg8 Rb2+ 80. Ke1 Rb3 81. Rh8 Re3+ 82. Kd2 Re4 83. Rf8 Kh2 84. Rh8+ Kg3 0-1

[Event "Ungdoms-DM U14 2024"]
[Site "Odense"]
[Date "2024.10.05"]
[Round "2.14"]
[White "Andries, Leia"]
[Black "Bjerg, Ludvig"]
[Result "1/2-1/2"]
[WhiteElo "1854"]
[BlackElo "1802"]
[WhiteFideId "1469207"]
[BlackFideId "1477676"]
[EventDate "2024.10.04"]
[EventType "swiss"]
[EventRounds "5"]
[EventCountry "DEN"]
[SourceTitle "Live v. Kasper Jerwiarz"]

1. e4 c6 2. d4 d5 3. e5 Bf5 4. h4 h5 5. Bd3 Bxd3 6. Qxd3 e6 7. Nf3 Qa5+ 8. Nbd2 Nh6 9. O-O Nf5 10. Nb3 Qa6 11. Qd1 Be7 12. g3 Nd7 13. Re1 c5 14. dxc5 Bxc5 15. c3 Rc8 16. Kg2 Qc6 17. Bg5 Bb6 18. Rc1 Qa4 19. Nbd4 Qxd1 20. Rexd1 Bxd4 21. Nxd4 Nxd4 22. cxd4 Nb6 23. Rxc8+ Nxc8 24. Rc1 Kd7 25. f3 Nb6 26. b3 Rc8 27. Rxc8 Nxc8 28. g4 hxg4 29. fxg4 a6 30. h5 Ke8 31. Kg3 Na7 32. Be3 Kf8 33. g5 Kg8 34. Kg4 Kh7 35. Kf3 Nb5 36. Bf2 Nc3 37. a4 Ne4 38. Be3 Nc3 39. Bd2 Ne4 40. Be3 1/2-1/2

[Event "Ungdoms-DM U14 2024"]
[Site "Odense"]
[Date "2024.10.05"]
[Round "2.15"]
[White "Fyhn, Buster Hulthin"]
[Black "Nielsen, Alexander"]
[Result "0-1"]
[WhiteElo "1828"]
[BlackElo "1731"]
[WhiteFideId "1481800"]
[BlackFideId "1477021"]
[EventDate "2024.10.04"]
[EventType "swiss"]
[EventRounds "5"]
[EventCountry "DEN"]
[SourceTitle "Live v. Kasper Jerwiarz"]

1. e4 d5 2. exd5 Qxd5 3. Nc3 Qa5 4. d4 Nf6 5. Nf3 Bg4 6. Be2 c6 7. O-O Nbd7 8. h3 Bh5 9. Bf4 e6 10. a3 Qd8 11. Re1 Nb6 12. Ng5 Bxe2 13. Qxe2 Nfd5 14. Qe4 Be7 15. h4 h6 16. Nf3 Bxh4 17. Be5 Bf6 18. Nxd5 cxd5 19. Qd3 a6 20. b3 Nd7 21. Bd6 Be7 22. Bh2 Nf6 23. Ne5 Bd6 24. Re3 Bxe5 25. Bxe5 Ng4 26. Bxg7 Rg8 27. Qh7 Rxg7 28. Qxg7 Nxe3 29. fxe3 Qe7 30. Qxh6 O-O-O 31. Kf2 Qc7 32. Rc1 Qc3 33. Ke2 Qb2 34. Kd2 Qxa3 35. Qf4 Qb4+ 36. Ke2 Rg8 37. Qh2 Qe7 38. c4 Qa3 39. Kd2 Qb4+ 40. Ke2 Kd7 41. cxd5 Qb5+ 42. Kf3 Qxd5+ 43. Kf2 Rc8 44. Rxc8 Kxc8 45. Qh8+ Kd7 46. Qf6 Qf5+ 47. Qxf5 exf5 48. Ke2 a5 49. Kd3 b5 50. b4 a4 51. d5 Kd6 52. Kd4 a3 53. Kc3 Kxd5 54. Kb3 a2 55. Kxa2 Kc4 56. Ka3 Kc3 57. g3 f6 58. Ka2 Kxb4 59. Kb2 Kc4 60. Kc2 b4 61. Kd2 Kb3 62. e4 fxe4 63. Ke3 Ka2 64. Kxe4 b3 65. Kf5 b2 66. Kxf6 b1=Q 67. Kg5 Kb3 68. g4 Kc4 69. Kf6 Qf1+ 70. Kg6 Qg2 71. g5 Kd5 72. Kf6 Qf3+ 73. Kg7 Ke6 74. g6 Qf6+ 75. Kh7 Qh4+ 76. Kg7 Qg5 0-1

[Event "Ungdoms-DM U14 2024"]
[Site "Odense"]
[Date "2024.10.05"]
[Round "2.16"]
[White "Schmitz, Phillip Henrik"]
[Black "Nielsen, Johannes Smedegaard"]
[Result "0-1"]
[WhiteElo "1492"]
[BlackElo "1682"]
[WhiteFideId "1483030"]
[BlackFideId "1472860"]
[EventDate "2024.10.04"]
[EventType "swiss"]
[EventRounds "5"]
[EventCountry "DEN"]
[SourceTitle "Live v. Kasper Jerwiarz"]

1. d4 Nf6 2. Nc3 e6 3. e4 Bb4 4. Bd2 b6 5. e5 Bxc3 6. Bxc3 Nd5 7. Ne2 Bb7 8. Qd3 d6 9. Qf3 Nd7 10. Nf4 dxe5 11. dxe5 Nxc3 12. Qxb7 Na4 13. O-O-O O-O 14. Bd3 Qg5 15. Qe4 g6 16. Qxa4 Nxe5 17. Qe4 Nxd3+ 18. Rxd3 e5 19. h4 Qxf4+ 20. Qxf4 exf4 21. Re1 Rfe8 22. Kd2 Kg7 23. g4 fxg3 24. fxg3 Rad8 25. Rxd8 Rxd8+ 26. Ke2 Re8+ 27. Kf2 Rxe1 28. Kxe1 Kf6 29. Kf2 h6 30. a3 a6 31. b3 c6 32. c3 c5 33. a4 a5 34. c4 g5 35. hxg5+ hxg5 36. g4 Ke5 37. Ke3 f6 38. Kf3 Kd4 39. Kg3 Kc3 40. Kf3 Kxb3 41. Ke4 Kxc4 42. Kf5 Kd4 43. Kxf6 c4 44. Kxg5 c3 45. Kh6 c2 46. g5 c1=Q 47. Kh5 Ke5 48. Kg6 Qc2+ 49. Kh6 Qxa4 50. g6 Qc6 51. Kh7 Kf6 52. Kh8 Qe8+ 53. Kh7 Qxg6+ 54. Kh8 Qg7# 0-1

[Event "Ungdoms-DM U14 2024"]
[Site "Odense"]
[Date "2024.10.05"]
[Round "3.11"]
[White "Sandmann, Villads Majvang"]
[Black "Li, Anna Sofie"]
[Result "1/2-1/2"]
[WhiteElo "2066"]
[BlackElo "1998"]
[WhiteFideId "1472313"]
[BlackFideId "1472119"]
[EventDate "2024.10.04"]
[EventType "swiss"]
[EventRounds "5"]
[EventCountry "DEN"]
[SourceTitle "Live v. Kasper Jerwiarz"]

1. e4 e5 2. Nf3 Nc6 3. Bb5 a6 4. Ba4 Nf6 5. O-O Be7 6. Re1 b5 7. Bb3 O-O 8. c3 d5 9. exd5 Nxd5 10. Nxe5 Nxe5 11. Rxe5 c6 12. d3 Bd6 13. Re1 Qh4 14. g3 Qf6 15. Nd2 Qg6 16. Ne4 Bc7 17. c4 Ne7 18. Be3 Nf5 19. Bc5 Rd8 20. cxb5 cxb5 21. d4 Nh4 22. f3 Bh3 23. Kf2 Nf5 24. Qd2 Nxd4 25. Qg5 Nxb3 26. Qxg6 hxg6 27. axb3 Be6 28. b4 Bb3 29. Re3 Be6 30. Nc3 Rd2+ 31. Re2 Rdd8 32. Ree1 Rd2+ 33. Re2 Rdd8 34. Ree1 Rd2+ 35. Re2 1/2-1/2

[Event "Ungdoms-DM U14 2024"]
[Site "Odense"]
[Date "2024.10.05"]
[Round "3.12"]
[White "Frydendahl, Noah Skotte"]
[Black "Andries, Leia"]
[Result "1-0"]
[WhiteElo "1921"]
[BlackElo "1854"]
[WhiteFideId "1473239"]
[BlackFideId "1469207"]
[EventDate "2024.10.04"]
[EventType "swiss"]
[EventRounds "5"]
[EventCountry "DEN"]
[SourceTitle "Live v. Kasper Jerwiarz"]

1. e4 c5 2. Nf3 Nc6 3. d4 cxd4 4. Nxd4 Nf6 5. Nc3 e6 6. Nxc6 bxc6 7. Bd3 d5 8. O-O Be7 9. Bf4 a5 10. Qf3 h5 11. Rfe1 h4 12. exd5 Nxd5 13. Nxd5 cxd5 14. Be5 Bf6 15. Bxf6 Qxf6 16. Qxd5 Ra7 17. Qc5 1-0

[Event "Ungdoms-DM U14 2024"]
[Site "Odense"]
[Date "2024.10.05"]
[Round "3.13"]
[White "Bjerg, Ludvig"]
[Black "Nielsen, Alexander"]
[Result "1-0"]
[WhiteElo "1802"]
[BlackElo "1731"]
[WhiteFideId "1477676"]
[BlackFideId "1477021"]
[EventDate "2024.10.04"]
[EventType "swiss"]
[EventRounds "5"]
[EventCountry "DEN"]
[SourceTitle "Live v. Kasper Jerwiarz"]

1. e4 e6 2. d4 d5 3. exd5 exd5 4. Bd3 c5 5. dxc5 Bxc5 6. Nf3 Nf6 7. O-O O-O 8. Re1 Re8 9. Bg5 Nbd7 10. c3 b6 11. Nbd2 Bb7 12. Qc2 h6 13. Rxe8+ Qxe8 14. Re1 Qf8 15. Bxf6 Nxf6 16. Nb3 Re8 17. Re2 Ng4 18. Nbd4 Bxd4 19. Nxd4 Ne5 20. Bb5 Re7 21. Nf5 Re6 22. Nd4 Re7 23. f4 Ng6 24. g3 a6 25. Bd3 Rxe2 26. Qxe2 Qe7 27. Bxa6 Bxa6 28. Qxa6 Qe1+ 29. Qf1 Qe3+ 30. Kg2 Qe4+ 31. Qf3 Qb1 32. Qe2 Qxa2 33. Qb5 Qb1 34. Qxb6 Qe4+ 35. Kf2 Qh1 36. Nf3 Qd1 37. Qd4 Qc2+ 38. Qd2 Qb3 39. Qe2 Nf8 40. Nd4 Qb6 41. Kg2 Nd7 42. Qe8+ Nf8 43. Qb5 Qd8 44. Qc6 Qb8 45. b4 Qd8 46. b5 Qd7 47. b6 1-0

[Event "Ungdoms-DM U14 2024"]
[Site "Odense"]
[Date "2024.10.05"]
[Round "3.14"]
[White "Kjeldsen, Johannes Juel"]
[Black "Fyhn, Buster Hulthin"]
[Result "1/2-1/2"]
[WhiteElo "1839"]
[BlackElo "1828"]
[WhiteFideId "1473263"]
[BlackFideId "1481800"]
[EventDate "2024.10.04"]
[EventType "swiss"]
[EventRounds "5"]
[EventCountry "DEN"]
[SourceTitle "Live v. Kasper Jerwiarz"]

1. e4 c6 2. d4 d5 3. f3 Qb6 4. Nc3 dxe4 5. fxe4 e5 6. Nf3 exd4 7. Nxd4 Be7 8. Bc4 Nd7 9. O-O Ngf6 10. Kh1 Ne5 11. Bb3 Bg4 12. Nde2 Rd8 13. Qe1 h5 14. Bf4 Nfd7 15. h3 Bxe2 16. Qxe2 f6 17. Rad1 Qc7 18. Qf2 Nc5 19. Rxd8+ Kxd8 20. Qd4+ Kc8 21. Qf2 b6 22. Qg3 Bd6 23. Qf2 Nxb3 24. axb3 Bc5 25. Qe2 Bd6 26. Bxe5 Bxe5 27. Rf5 g6 28. Rf1 Kb7 29. Ra1 a5 30. Qf3 Qe7 31. Qe3 Rd8 32. Na4 Bd4 33. Qf3 Qe5 34. Rd1 Re8 35. c3 Bc5 36. Nxc5+ bxc5 37. Re1 Kb6 38. Kg1 f5 39. Rf1 Qxe4 40. Qxe4 Rxe4 41. Kf2 Rf4+ 42. Ke2 Rxf1 43. Kxf1 c4 44. bxc4 Kc5 45. b3 a4 46. bxa4 Kxc4 47. a5 Kb5 48. h4 Kxa5 49. Ke2 Kb5 50. Kd2 Kc4 51. Kc2 c5 52. Kd2 Kd5 53. Ke3 Ke5 54. g3 Ke6 55. Kf4 c4 56. Ke3 Ke5 57. Kf3 Ke6 58. Ke3 Ke5 59. Kf3 Ke6 60. Ke3 Ke5 61. Kf3 f4 62. gxf4+ Kf5 63. Kg3 Ke4 1/2-1/2

[Event "Ungdoms-DM U14 2024"]
[Site "Odense"]
[Date "2024.10.05"]
[Round "3.15"]
[White "Ahl, Eskil Rosenlund"]
[Black "Derlich, Sarah Sima"]
[Result "0-1"]
[WhiteElo "1731"]
[BlackElo "1847"]
[WhiteFideId "1481789"]
[BlackFideId "1469290"]
[EventDate "2024.10.04"]
[EventType "swiss"]
[EventRounds "5"]
[EventCountry "DEN"]
[SourceTitle "Live v. Kasper Jerwiarz"]

1. e4 c5 2. b4 cxb4 3. d4 d5 4. exd5 Qxd5 5. c4 bxc3 6. Nxc3 Qa5 7. Bd2 g6 8. Bb5+ Bd7 9. Rb1 Bh6 10. Bxd7+ Nxd7 11. Rxb7 Bxd2+ 12. Qxd2 Rc8 13. Nge2 Ngf6 14. Ne4 Qd5 15. Nxf6+ Nxf6 16. Qb4 O-O 17. O-O a5 18. Qb1 e6 19. Rb5 Qa8 20. Rd1 Nd5 21. h4 h5 22. Rd3 Rc4 23. Rg3 Kh7 24. Rb7 Nc7 25. Rg5 Kh6 26. Ng3 Qd8 27. Rc5 Rxd4 28. Qc1+ Kh7 29. Qc2 Rd1+ 30. Nf1 Na6 31. Rxh5+ Kg7 32. Rg5 Rd7 33. Rbb5 Nb4 34. Qb2+ Rd4 35. h5 Nc6 36. Qc3 e5 37. Qe3 Re8 38. h6+ Kh7 39. Rb7 Re7 40. Rxe7 Qxe7 41. Nd2 Qb4 42. Nf3 Rd1+ 43. Kh2 e4 44. Rg4 Qd6+ 45. g3 exf3 46. Qc3 Rd4 47. Rf4 Qd5 48. Rxf3 Ne5 49. Rf4 Rd1 50. Rxf7+ Qxf7 51. Qxe5 Qxf2+ 52. Kh3 Qf5+ 0-1

[Event "Ungdoms-DM U14 2024"]
[Site "Odense"]
[Date "2024.10.05"]
[Round "3.16"]
[White "Nielsen, Johannes Smedegaard"]
[Black "Mueller, Anker"]
[Result "0-1"]
[WhiteElo "1682"]
[BlackElo "1757"]
[WhiteFideId "1472860"]
[BlackFideId "1472070"]
[EventDate "2024.10.04"]
[EventType "swiss"]
[EventRounds "5"]
[EventCountry "DEN"]
[SourceTitle "Live v. Kasper Jerwiarz"]

1. e4 c6 2. d4 d5 3. Nc3 dxe4 4. Nxe4 Nf6 5. Nxf6+ exf6 6. Nf3 Bg4 7. Be2 Bd6 8. O-O Qc7 9. Re1 O-O 10. h3 Bh5 11. d5 Rd8 12. Kf1 Bb4 13. c3 Rxd5 14. Qxd5 cxd5 15. cxb4 Nc6 16. a3 Bxf3 17. Bxf3 Qh2 18. Bxd5 Nd4 19. f3 Nc2 20. Bxb7 Qh1+ 0-1

[Event "Ungdoms-DM U14 2024"]
[Site "Odense"]
[Date "2024.10.06"]
[Round "4.11"]
[White "Sandmann, Villads Majvang"]
[Black "Frydendahl, Noah Skotte"]
[Result "0-1"]
[WhiteElo "2066"]
[BlackElo "1921"]
[WhiteFideId "1472313"]
[BlackFideId "1473239"]
[EventDate "2024.10.04"]
[EventType "swiss"]
[EventRounds "5"]
[EventCountry "DEN"]
[SourceTitle "Live v. Kasper Jerwiarz"]

1. d4 Nf6 2. c4 g6 3. Nc3 Bg7 4. e4 d6 5. Nf3 Nbd7 6. Be2 O-O 7. O-O e5 8. Be3 Re8 9. d5 h6 10. b4 Ng4 11. Bd2 f5 12. Rc1 Nf8 13. c5 Nf6 14. cxd6 cxd6 15. Bd3 fxe4 16. Nxe4 Nxe4 17. Bxe4 Bf5 18. Qe2 Qd7 19. Nh4 Bxe4 20. Qxe4 Kh7 21. Rc4 Rac8 22. Rfc1 Rxc4 23. Qxc4 Re7 24. Be3 a6 25. Nf3 Qf5 26. Qh4 Rd7 27. Nd2 g5 28. Qe4 Qxe4 29. Nxe4 Ng6 30. Bb6 Nf4 31. Rc7 Rxc7 32. Bxc7 Nxd5 33. Bxd6 Kg6 34. g4 Bf6 35. Ng3 Nc3 36. Kf1 Nxa2 37. Ne4 b6 38. Ke2 a5 39. bxa5 bxa5 40. Kd2 Nb4 41. Bxb4 axb4 42. Kd3 Be7 43. Kc4 Kf7 44. f3 Ke6 45. Nf2 e4 46. Nxe4 Ke5 47. Nd2 Kf4 48. Kd3 b3 49. Nxb3 Kxf3 50. Nd4+ Kxg4 51. Ke2 Kh3 52. Nf5 Bf8 53. Kf3 h5 54. Ng3 g4+ 55. Kf2 Bc5+ 56. Kf1 h4 57. Nf5 Kxh2 58. Nxh4 g3 59. Ng2 Bd6 60. Ne3 Kh3 61. Kg1 Bc5 62. Kh1 Bd4 63. Ng2 Be5 64. Ne1 Bf4 65. Ng2 Bd2 66. Kg1 Kg4 67. Kf1 Kh3 68. Kg1 Bg5 69. Ne1 Bh6 70. Ng2 Kg4 71. Ne1 Bd2 72. Ng2 Bb4 73. Kh1 Bc5 74. Ne1 Bf2 75. Ng2 Kg5 0-1

[Event "Ungdoms-DM U14 2024"]
[Site "Odense"]
[Date "2024.10.06"]
[Round "4.12"]
[White "Li, Anna Sofie"]
[Black "Bjerg, Ludvig"]
[Result "1-0"]
[WhiteElo "1998"]
[BlackElo "1802"]
[WhiteFideId "1472119"]
[BlackFideId "1477676"]
[EventDate "2024.10.04"]
[EventType "swiss"]
[EventRounds "5"]
[EventCountry "DEN"]
[SourceTitle "Live v. Kasper Jerwiarz"]

1. e4 c6 2. d4 d5 3. exd5 cxd5 4. Bd3 Nc6 5. c3 Nf6 6. Bf4 Bg4 7. Qb3 e5 8. dxe5 Nh5 9. Be3 Nxe5 10. Bb5+ Nc6 11. Nd2 Nf6 12. Ngf3 Be7 13. Ne5 Bd7 14. Nxd7 Qxd7 15. O-O O-O 16. Rad1 a6 17. Be2 Na5 18. Qc2 Qc7 19. Bg5 d4 20. c4 b5 21. b3 h6 22. Bxf6 Bxf6 23. Qf5 bxc4 24. Nxc4 Nxc4 25. Bd3 Rfd8 26. bxc4 Kf8 27. Rde1 Re8 28. Qh7 g6 29. Qxh6+ Bg7 30. Qh4 Qa5 31. Ra1 Qc3 32. Qg3 Rab8 33. Rfc1 Qd2 34. Rc2 Qb4 35. c5 Re1+ 36. Rxe1 Qxe1+ 37. Bf1 Rb1 38. Qd6+ Kg8 39. Qxa6 Rc1 40. Rxc1 Qxc1 41. Qc4 Qxc4 42. Bxc4 Be5 43. a4 Bc7 44. Kf1 Kf8 45. Ke2 Ke7 46. Kd3 Be5 47. a5 Kd7 48. Bxf7 Kc6 49. a6 1-0

[Event "Ungdoms-DM U14 2024"]
[Site "Odense"]
[Date "2024.10.06"]
[Round "4.13"]
[White "Derlich, Sarah Sima"]
[Black "Justesen, Laurits Skovgaard"]
[Result "1-0"]
[WhiteElo "1847"]
[BlackElo "1730"]
[WhiteFideId "1469290"]
[BlackFideId "1482300"]
[EventDate "2024.10.04"]
[EventType "swiss"]
[EventRounds "5"]
[EventCountry "DEN"]
[SourceTitle "Live v. Kasper Jerwiarz"]

1. e4 e6 2. d4 c5 3. Nf3 d5 4. exd5 exd5 5. Bb5+ Nc6 6. Ne5 Bd7 7. Bxc6 bxc6 8. O-O Be7 9. Re1 Qc7 10. Bf4 Qb7 11. Nd2 Be6 12. Nb3 Qb6 13. dxc5 Bxc5 14. Nxc5 Qxc5 15. Nxf7 Kxf7 16. Qh5+ Kf8 17. Rxe6 Nf6 18. Qf5 Kf7 19. Bd6 1-0